Memoria historica sobre los bancos [Nacional de San Carlos, Español de San Fernando, Isabel II, Nuevo de San Fernando, y de España] / (Record no. 7519)
[ view plain ]
| 000 -LEADER | |
|---|---|
| campo de control de longitud fija | 00975nam a2200253 i 4500 |
| 001 - NÚMERO DE CONTROL | |
| campo de control | 7519 |
| 003 - IDENTIFICADOR DE NÚMERO DE CONTROL | |
| campo de control | ES-MaACL |
| 005 - FECHA Y HORA DE LA ÚLTIMA TRANSACCIÓN | |
| campo de control | 20250630032851.0 |
| 007 - CAMPO FIJO DE DESCRIPCIÓN FÍSICA--INFORMACIÓN GENERAL | |
| campo de control de longitud fija | t| |
| 008 - DATOS DE LONGITUD FIJA--INFORMACIÓN GENERAL | |
| campo de control de longitud fija | 910125s1982 sp ||||1| spa d |
| 020 ## - NÚMERO INTERNACIONAL ESTÁNDAR DEL LIBRO | |
| Número Internacional Estándar del Libro | 84-500-7638-2 |
| 080 ## - NÚMERO DE LA CLASIFICACIÓN DECIMAL UNIVERSAL | |
| Número de la Clasificación Decimal Universal | 332.1(46)"17/18" |
| 100 1# - ENTRADA PRINCIPAL--NOMBRE DE PERSONA | |
| Nombre de persona | Santillán, Ramón. |
| 9 (RLIN) | 103419 |
| 245 10 - MENCIÓN DEL TÍTULO | |
| Título | Memoria historica sobre los bancos [Nacional de San Carlos, Español de San Fernando, Isabel II, Nuevo de San Fernando, y de España] / |
| Mención de responsabilidad, etc. | Ramon Santillan ; prologo de Pedro Tedde de Lorca. |
| 260 ## - PUBLICACIÓN, DISTRIBUCIÓN, ETC. | |
| Lugar de publicación, distribución, etc. | Madrid : |
| Nombre del editor, distribuidor, etc. | Banco de España, |
| Fecha de publicación, distribución, etc. | 1982. |
| 300 ## - DESCRIPCIÓN FÍSICA | |
| Extensión | XVII, 299, 298 p. ; |
| Dimensiones | 23 cm. |
| 500 ## - NOTA GENERAL | |
| Nota general | Reedicion con motivo del bicentenario del Banco de San Carlos, de la ed. de Madrid de 1865. |
| 500 ## - NOTA GENERAL | |
| Nota general | 2 tomos en 1 vol. |
| 610 17 - PUNTO DE ACCESO ADICIONAL DE MATERIA--NOMBRE DE ENTIDAD CORPORATIVA | |
| Nombre de entidad corporativa o nombre de jurisdicción como elemento de entrada | Banco de España- |
| Subdivisión de forma | Historia. |
| 9 (RLIN) | 2105 |
| 700 1# - ENTRADA AGREGADA--NOMBRE PERSONAL | |
| Nombre de persona | Tedde de Lorca, Pedro. |
| 9 (RLIN) | 109503 |
| 710 2# - ENTRADA AGREGADA--NOMBRE DE ENTIDAD CORPORATIVA | |
| Nombre de entidad corporativa o nombre de jurisdicción como elemento de entrada | Banco de España |
| 9 (RLIN) | 2104 |
| 852 ## - LOCALIZACIÓN | |
| Ubicación | ES-MaACL |
| Número de control de estantería | L-14742 |
| Sublocalización o colección | R.115295 |
| Nota libre | . - rust. |
| Estatus retirado | Estado de pérdida | Estado de daño | No para préstamo | Biblioteca de origen | Biblioteca actual | Ubicación en estantería | Fecha de adquisición | Fuente de adquisición | Total de préstamos | Signatura topográfica completa | Código de barras | Visto por última vez | Precio de reemplazo | Tipo de ítem Koha |
|---|---|---|---|---|---|---|---|---|---|---|---|---|---|---|
| Biblioteca del Ateneo de Madrid | Biblioteca del Ateneo de Madrid | Depósito 2 | 17/01/2008 | L-14742 | 1007672 | 23/02/2023 | 23/02/2023 | Libro impreso |
